000
00211nam a22000857a 4500
999
_c
4737
_d
4737
008
161208b xxu||||| |||| 00| 0 eng d
020
_a
9788178690223
100
_9
1948
_a
Mehta.N.
245
_a
Continental Non Veg
260
_a
New Delhi
_b
Snas
_c
2011